000 00298nam a2200109Ia 4500
008 201231s9999 xx 000 0 und d
100 _aStone, Diane
245 0 _aCapturing the Political Imagination : Think Tanks and the Policy Process
260 _aLondon
_bFrank Cass
300 _a331
942 _cBK
999 _c9718
_d9718